000 00592nam a22002297a 4500
003 UA-OsUOA
001 904
007 ta
008 20050708b un ||||| |||| 00| 0 ukr d
100 _aЯременко П.К.
090 _a82.09(477)
_bЯ72
942 _cBK
040 _aUA-OsUOA
_bukr
_cUA-OsUOA
_dUA-OsUOA
245 _aІван Вишенський
300 _a139 с.
955 _a1
041 _aukr
080 _a82.09(477)
260 _aК.
_bВища школа
_c1982
650 7 _a82 Література. Літературознавство
_2UDC
999 _c287066
_d287066